| 000 | 00545nam a22001697a 4500 | ||
|---|---|---|---|
| 003 | OSt | ||
| 005 | 20140310182351.0 | ||
| 008 | 130930t xxu||||| |||| 00| 0 eng d | ||
| 020 | _a051767128 | ||
| 050 |
_aPZ 5 _b.C44 1988 |
||
| 082 |
_aGS 808.83 _bS54 1988 |
||
| 245 |
_aA child's book of stories from many lands / _ccompiled by Ada M. Skinner and Eleanor L. Skinner ; with pictures by Jessie Willcox Smith. |
||
| 260 |
_aNew York : _bChildren's Classics, _c1988. |
||
| 300 |
_a208 p. : _c24 cm. |
||
| 942 |
_2lcc _cBK-GS |
||
| 999 |
_c12366 _d12366 |
||